Empires sur des cartes - Statistiques

Statistiques générales
  • Ce quiz a été pris 96 826 fois
  • Le résultat moyen est 12 sur 15
Statistiques - réponses
Par images Hint Réponse % Correct
1920 Second empire colonial français
98%
1800 Empire espagnol
97%
1921 Empire britannique
96%
117 Empire romain
93%
1800 Empire portugais
90%
1867 Empire russe
87%
1940 Empire italien
86%
1821 Empire mexicain
86%
1683 Empire ottoman
85%
1942 Empire japonais
83%
1294 Empire mongol
80%
1914 Empire austro-hongrois
69%
500 avant J.-C. Empire achéménide
58%
1525 Empire inca
58%
1350 Empire du Mali
45%
Aucun quiz correspondant
Distribution des résultats
% des personnes avec chaque résultat
Percentile par nombre de réponses
Votre historique - résultats
Vous n’avez pas pris ce quiz